| 000 | 01028nam a22002535a 4500 | ||
|---|---|---|---|
| 003 | OSt | ||
| 005 | 20170223140925.0 | ||
| 008 | 161030s2016 ua frb 000 0 ara d | ||
| 015 | _a2009/23326 | ||
| 040 |
_aEG-ScBUE _bara _cEG-ScBUE |
||
| 043 | _af-ua--- | ||
| 082 | 0 | 4 |
_a342.620878 _bش ا ذ _222 |
| 100 | 1 | _aشاذلي، فتوح عبد الله. | |
| 245 | 1 | 4 |
_aالحقوق الإنسانية للمرأة بين التشريعات الوطنية والمواثيق الدولية / _cفتوح عبد الله الشاذلي. |
| 250 | _aط. 2، مزيدة ومنقحة وفقا لأحداث التعديلات. | ||
| 260 |
_a[القاهرة : _bد. ن.]، _c2016. |
||
| 300 |
_a515 ص. ؛ _c24 سم. |
||
| 504 | _aيشتمل على إرجاعات ببليوجرافية. | ||
| 650 | 7 |
_a المرأة _xوضع قانوني، قوانين، إلخ. _zمصر _2BUEsh |
|
| 650 | 7 |
_aحقوق المرأة _xقوانين وتشريعات _zمصر _2BUEsh |
|
| 651 | _2BUEsh | ||
| 653 |
_bLLAAWW _cOctober2016 |
||
| 942 | _2ddc | ||
| 999 |
_c22921 _d22893 |
||